Streamline English Destinations. Workbook A, Units 1-40. Bernard Hartley, Peter Viney

Uložené v:
Podrobná bibliografia
Hlavní autori: Hartley, Bernard (Author), Viney, Peter (Author)
Médium: Kniha
Jazyk:English
Vydané: Oxford : Budapest : Oxford University Press ; Akadémiai Kiadó, 1982
Vydanie:1st ed.
ISBN: 9630556545 (brož.)
Fyzický popis: 40 s.
Tagy: Pridať tag
Žiadne tagy, Buďte prvý kto otaguje tento záznam!

MARC

LEADER 00000nam a2200000 a 4500
001 000182607
005 20060525161510.0
008 060420s1982 bu e 000 0 engo
020 |a 9630556545 (brož.) 
040 |a SVKKK  |b slo  |c SVKKK  |e AACR2 
041 0 |a eng 
044 |a bu  |c BG 
100 1 |a Hartley, Bernard  |4 aut 
245 1 0 |a Streamline English Destinations.  |n Workbook A,  |p Units 1-40.  |n Bernard Hartley, Peter Viney 
246 3 0 |a Units 1-40 
250 |a 1st ed. 
260 |a Oxford :  |b Oxford University Press ;  |a Budapest :  |b Akadémiai Kiadó,  |c 1982 
300 |a 40 s. 
700 1 |a Viney, Peter  |4 aut 
910 |a svkkk 
919 |a 963-05-5654-5 
998 |a BK 
090 |g SCKHL  |k Sklad Pribinova 3. posch.  |a V.175780  |j 826303  |i 2720884094  |s Absenčne